000 01100nam a2200241 i 4500
001 42446
003 ES-MaACL
005 20250807065759.0
007 t|
008 030327s1875 sp |||| | spa d
100 1 _aPulido, Ángel,
_d1852-1932
_9149324
245 1 0 _aDiscursos leídos en la sesión inaugural de la Sociedad Ginecológica Española, celebrada el domingo 5 de diciembre de 1875 /
_cpor Ángel Pulido Fernández y Francisco de Cortejarena y Aldevó [Tema: ¿Cuál es la misión de la mujer en conformidad a su ser físico y moral?].
260 _aMadrid :
_b[s.n.],
_c1875 (
_fImp. de Alejandro Gómez Fuentenebro)
300 _a48 p. ;
_c27 cm.
530 _aDisponible en formato digital.
610 2 4 _aSociedad Ginecológica Española.
_96779
650 0 7 _aMujeres
_2embne
_915251
700 1 _aCortejarena y Aldebó, Francisco de,
_d1835-1919
_9145203
710 2 _aSociedad Ginecológica Española.
_96779
852 _aES-MaACL
_jT-175-F-2
856 _uhttp://bdh-rd.bne.es/viewer.vm?id=0000108744&page=1
_zBiblioteca Digital Hispánica
999 _c42446
_d42446